000 00289nam a22001217a 4500
008 170913b xxu||||| |||| 00| 0 eng d
041 _aeng
080 _a53
100 _a43
101 _aFIZ
245 _aFUNDAMENTALS OF SCIENCE THE PHYSICAL SCIENCES
_cHARNESA.L
942 _2udc
_cBK
999 _c27482
_d27482